00343nam a2200157Ia 45000010006000000050017000060080041000230410008000640820015000721000021000872450024001082600009001323000028001416500008001696540008001771411620260306164850.0260306t2010||||xx |||||||||||||| ||spa|| aESP a006.7bT48 aErl, ThomaseAUT 0aSOA Design patterns c2010 a814 páginas :c23 cm. aGEN aCCC